[Event "GER-ch U25 op"]
[Site "Willingen"]
[Date "2009.06.02"]
[Round "5"]
[White "Michels, Till"]
[Black "Neumair, Dorian"]
[Result "0-1"]
[WhiteElo "968"]
[BlackElo "1340"]
[PlyCount "76"]
[EventDate "2009.05.30"]
[EventType "swiss"]
[EventRounds "9"]
[EventCountry "GER"]
[SourceTitle "EXT 2010"]
[Source "ChessBase"]
[SourceDate "2010.11.25"]
[SourceVersion "1"]
[SourceVersionDate "2010.11.25"]
[SourceQuality "1"]

1. e4 e5 2. Nf3 Nf6 3. Nxe5 Qe7 4. d4 d6 5. Bb5+ c6 6. b3 dxe5 7. Ba3 Qd8 8. Bc4 Bxa3 9. dxe5 Qxd1+ 10. Kxd1 Nxe4 11. Re1 Nxf2+ 12. Kd2 Be7 13. e6 fxe6 14. Bxe6 Bxe6 15. Rxe6 Kf7 16. Re5 Rf8 17. Nc3 Kg8 18. Rxe7 Na6 19. Ne4 Nxe4+ 20. Rxe4 Rf2+ 21. Re2 Rxe2+ 22. Kxe2 Re8+ 23. Kd2 Nc5 24. Kc3 Re2 25. Rd1 h6 26. Rd8+ Kh7 27. Rd7 Nxd7 28. g4 Rxh2 29. g5 h5 30. g6+ Kxg6 31. a4 h4 32. b4 h3 33. Kb3 Rxc2 34. b5 h2 35. bxc6 Rxc6 36. a5 h1Q 37. a6 Qb1+ 38. Ka4 Rxa6# 0-1

[Event "GER-ch U25 op"]
[Site "Willingen"]
[Date "2009.06.01"]
[Round "3"]
[White "Michels, Till"]
[Black "Bangert, Benjamin"]
[Result "0-1"]
[WhiteElo "968"]
[BlackElo "1330"]
[PlyCount "28"]
[EventDate "2009.05.30"]
[EventType "swiss"]
[EventRounds "9"]
[EventCountry "GER"]
[SourceTitle "EXT 2010"]
[Source "ChessBase"]
[SourceDate "2010.11.25"]
[SourceVersion "1"]
[SourceVersionDate "2010.11.25"]
[SourceQuality "1"]

1. e4 e6 2. d4 d5 3. exd5 exd5 4. Bb5+ Nc6 5. Nf3 Nge7 6. Nc3 a6 7. Bd3 Be6 8. 0-0 Ng6 9. Re1 Be7 10. Bxg6 hxg6 11. Ng5 Bxg5 12. Qg4 Be7 13. Bf4 Bxg4 14. Re3 Nxd4 0-1